| 000 | 00347nam a22001457a 4500 | ||
|---|---|---|---|
| 020 | _a8185860742 | ||
| 082 |
_a664.028 _bSRI/FR |
||
| 100 | _aSrivastava,R.P | ||
| 245 | _aFruit and vegetable preservation: Principles and practices | ||
| 250 | _a3 rev | ||
| 260 |
_aLucknow _bIBDC _c2012 |
||
| 300 | _a474 | ||
| 700 | _aSanjeev Kumar | ||
| 942 | _cBK | ||
| 999 |
_c13635 _d13635 |
||